00670nam a2200169 a 4500008004100000050001800041100001400059245004800073246005800121260004200179300002200221350000900243700001700252995008800269999001700357952012600374120416s1968 ||||||||||||||||| || u aTA 418.14 Eng aHeyman, J10aEngineering plasticitycedited by J. Heyman apapers for a conference held in Cambridge, March 1968 aCambridgebThe University Pressc1968 aviii, 705p. : ill a0.00 aLeckie, F. A D0.00FCBU-MAIN LIBRARY (Kitwe)H1I12.00M1UAVAILABLEZAnnex Low-Usage Collection  c41984d41984 00102lcc4070a001b001cAnnex Low-Usage Collection d2022-11-30l0oTA 418.14 Engp014854r2022-11-30w2022-11-30y002